New developments in the dynamics of planetary systems (Record no. 14525)

MARC details
000 -LEADER
fixed length control field 00852nam a2200217Ia 4500
003 - CONTROL NUMBER IDENTIFIER
control field IN-BaIIA
008 - FIXED-LENGTH DATA ELEMENTS--GENERAL INFORMATION
fixed length control field 211028s9999 xx 000 0 eng d
020 ## - INTERNATIONAL STANDARD BOOK NUMBER
International Standard Book Number 0-7923-6966-1
040 ## - CATALOGING SOURCE
Transcribing agency IIA Library
080 ## - UNIVERSAL DECIMAL CLASSIFICATION NUMBER
Universal Decimal Classification number 523.4(082.2)
Item number NEW
111 ## - MAIN ENTRY--MEETING NAME
Meeting name or jurisdiction name as entry element Alexander von Humboldt Colloquim
Number of part/section/meeting 5th
Location of meeting Badhofgastein, Austria
Date of meeting or treaty signing 2000 Mar. 19-25
9 (RLIN) 25798
245 #0 - TITLE STATEMENT
Title New developments in the dynamics of planetary systems
Remainder of title proceedings of the 5th Alexander von Humboldt Colloquim on Celestial Mechanics held in Badhofgastein, Austria, March 19-25, 2000
Statement of responsibility, etc. edited by Rudolf Dvorak and Jacques Henrard
260 ## - PUBLICATION, DISTRIBUTION, ETC.
Place of publication, distribution, etc. Dordrecht
Name of publisher, distributor, etc. Kluwer Academic
Date of publication, distribution, etc. 2001
300 ## - PHYSICAL DESCRIPTION
Extent 379p.
650 ## - SUBJECT ADDED ENTRY--TOPICAL TERM
Topical term or geographic name entry element Astronomy
9 (RLIN) 80
650 ## - SUBJECT ADDED ENTRY--TOPICAL TERM
Topical term or geographic name entry element Celestial mechanics
650 ## - SUBJECT ADDED ENTRY--TOPICAL TERM
Topical term or geographic name entry element Planetary system
9 (RLIN) 756
700 ## - ADDED ENTRY--PERSONAL NAME
Personal name Dvorak, Rudolf, ed.
9 (RLIN) 25799
700 ## - ADDED ENTRY--PERSONAL NAME
Personal name Henrard, Jacques., ed.
9 (RLIN) 25800
942 ## - ADDED ENTRY ELEMENTS (KOHA)
Koha item type Books
Holdings
Withdrawn status Lost status Damaged status Not for loan Home library Current library Shelving location Date acquired Source of acquisition Cost, normal purchase price Total Checkouts Full call number Barcode Date last seen Cost, replacement price Price effective from Koha item type Purchase Price
        IIA Library-Bangalore IIA Library-Bangalore General Stacks 07/03/2002 ANJ 5972.80   523.4(082.2)/ NEW 15447 05/11/2021 5972.80 07/03/2002 Books Rs. 5972.80

Powered by Koha